El Problema solidarista y la respuesta sindical en Centroamérica; Capítulo 3: Conclusiones /

Furkejuvvon:
Bibliográfalaš dieđut
Searvvušdahkkit: Asociación Servicios de Promoción Laboral, Centro de Estudios Democráticos de América Latina
Materiálatiipa: Dovdameahttun
Almmustuhtton: Heredia: ASEPROLA; CEDAL
Fáddágilkorat: Lasit fáddágilkoriid
Eai fáddágilkorat, Lasit vuosttaš fáddágilkora!

MARC

LEADER 00000 a2200000 04500
001 10171
003
008 991231s d
040
090 |a 135209  
110 |a Asociación Servicios de Promoción Laboral  
245 |a El Problema solidarista y la respuesta sindical en Centroamérica; Capítulo 3: Conclusiones /  |c Asociación Servicios de Promoción Laboral  
260 |a Heredia:   |b ASEPROLA; CEDAL  
300 |a 162 p.  
710 |a Centro de Estudios Democráticos de América Latina  
999 |c 9884  |d 9884